Biblical Interpretation (Record no. 10291)
[ view plain ]
| 000 -LEADER | |
|---|---|
| fixed length control field | 00949nam a2200193Ia 4500 |
| 008 - FIXED-LENGTH DATA ELEMENTS--GENERAL INFORMATION | |
| fixed length control field | 081213s9999 xx 000 0 und d |
| 020 ## - INTERNATIONAL STANDARD BOOK NUMBER | |
| Terms of availability | 0192132571 |
| 050 ## - LIBRARY OF CONGRESS CALL NUMBER | |
| Classification number | BS511.2 |
| Item number | .M67 1988 |
| 100 ## - MAIN ENTRY--PERSONAL NAME | |
| Personal name | Morgan, R. |
| 245 ## - TITLE STATEMENT | |
| Title | Biblical Interpretation |
| Statement of responsibility, etc | Robert Morgan |
| 260 ## - PUBLICATION, DISTRIBUTION, ETC. (IMPRINT) | |
| Date of publication, distribution, etc | 1988 |
| Place of publication, distribution, etc | New York |
| Name of publisher, distributor, etc | Oxford University Press |
| 300 ## - PHYSICAL DESCRIPTION | |
| Extent | ix,342 p.; |
| Dimensions | 20cm |
| 500 ## - GENERAL NOTE | |
| General note | Includes Index |
| 650 ## - SUBJECT ADDED ENTRY--TOPICAL TERM | |
| Topical term or geographic name as entry element | Bible Intrepretation |
| 942 ## - ADDED ENTRY ELEMENTS (KOHA) | |
| Item type | Book |
| Source of classification or shelving scheme | Library of Congress Classification |
| Withdrawn status | Lost status | Source of classification or shelving scheme | Damaged status | Not for loan | Collection code | Home library | Current library | Shelving location | Date acquired | Total Checkouts | Full call number | Barcode | Date last borrowed | Price effective from | Koha item type | Source of acquisition | Total Renewals | Copy number |
|---|---|---|---|---|---|---|---|---|---|---|---|---|---|---|---|---|---|---|
| Library of Congress Classification | Non-fiction | Bishop Okullu Memorial Library (Limuru Campus) | Bishop Okullu Memorial Library (Limuru Campus) | General Circulation | 15/12/2008 | 3 | BS511.2.M67 1988 | 011784 | 05/11/2018 | 15/12/2008 | Book | |||||||
| Library of Congress Classification | Non-fiction | Bishop Okullu Memorial Library (Limuru Campus) | Bishop Okullu Memorial Library (Limuru Campus) | General Circulation | 24/01/2011 | 9 | BS511.2 .M67 1988 | 024399 | 04/08/2022 | 24/01/2011 | Book | purchase | 3 | 2 | ||||
| Library of Congress Classification | Non-fiction | Nairobi Campus | Nairobi Campus | General Circulation | 24/01/2011 | 4 | BS511.2 .M67 1988 | 024400 | 27/07/2016 | 24/01/2011 | Book | purchase | 3 |